000 00390nam a2200169Ia 4500
008 220204s9999 xx 000 0 und d
082 _a954
_bMIS
100 _aMISHRA, D P
245 0 _aLiving an era
260 _aNew Delhi
_bVikas
_c1975
650 _aFreedom movements
650 _aGandhian era
650 _aHistory
650 _aIndia
650 _aNon cooperation
942 _cBK
999 _c28856
_d28856